| 000 | 00000nas 2200000za 4500 |
| 001 | 9.815824 |
| 003 | CaOODSP |
| 005 | 20221107142116 |
| 007 | cr ||||||||||| |
| 008 | 160419c20169999oncur p o f0 b0fre|d |
| 040 | |aCaOODSP|bfre |
| 041 | |aeng|afre |
| 043 | |an-cn--- |
| 086 | 1 |aYC2-5-PDF |
| 110 | 1 |aCanada. |bParlement. |bSénat. |bComité sénatorial spécial sur la modernisation du Sénat. |
| 245 | 10|aProceedings of the Special Senate Committee on Senate Modernization |h[ressource électronique] = |bDélibérations du Comité sénatorial spécial sur la modernisation du Sénat. |
| 246 | 11|aDélibérations du Comité sénatorial spécial sur la modernisation du Sénat |
| 260 | |a[Ottawa] : |bSénat. |
| 310 | |aIrrégulier |
| 362 | 1 |aParaît depuis: 42e législature, 1re session, fascicule no. 1 (24 février 2016 /9 mars 2016)]. |
| 546 | |aTexte en anglais et en français. |
| 692 | 07|2gccst|aSénat |
| 692 | 07|2gccst|aModernisation |
| 791 | |tProceedings of the Special Senate Committee on Senate Modernization |eeng|w(CaOODSP)9.815820 |